000 00790nam a2200229 i 4500
001 170471
003 ES-MaACL
005 20230906214402.0
008 090309s1953 fr |||| | fre d
080 _a782(44)
080 _a782.8
100 1 _aOster, Louis.
_9139605
245 1 4 _aLes opérettes du répertoire courant
_b: contenant l'analyse de 101 opérettes de 43 compositeurs /
_cpar Louis Oster ; introduction de Rodolphe Leser.
260 _aParis :
_bÉditions du Conquistador,
_c1953.
300 _a197 p. ;
_c21 cm.
500 _aÍndices.
650 0 4 _aOperetas.
_915719
650 4 _aÓperas-
_xProgramas.
_9170038
650 4 _aÓpera-
_zFrancia.
_915710
700 1 _aLeser, Rodolphe.
_9139606
852 _aES-MaACL
_jE-12490
_z. - Biblioteca Jacinto Martínez Lacalle
999 _c170471
_d170471